000 00694nam a2200217Ia 4500
005 20231110120635.0
008 131103s9999 xx 000 0 und d
020 _a8185938148
_cRs.60
040 _aLoreto College
041 _aEnglish
082 _a320.973
_bRIV
100 _aRivlin, Alice M.
245 _aReviving the American dream
_b the economy, the states & the federal government
_cAlice M. Rivlin
260 _aNew Delhi
_bAffiliated East-West Press
_c1992
300 _a196p
504 _aIncludes bibliographical references and index
650 _aUnited States - Government and Politices
651 _aUnited States - Federal Government
850 _aLCLIB
942 _cBK
999 _c17279
_d67758